Forestry technology in Japan

में बचाया:
ग्रंथसूची विवरण
स्वरूप: पुस्तक
भाषा:Undetermined
प्रकाशित: Japan Forestry Agency
विषय:
टैग : टैग जोड़ें
कोई टैग नहीं, इस रिकॉर्ड को टैग करने वाले पहले व्यक्ति बनें!
Thư viện lưu trữ: Trung tâm Học liệu Trường Đại học Cần Thơ
LEADER 00392nam a2200145Ia 4500
001 CTU_13279
008 210402s9999 xx 000 0 und d
082 |a 634.9 
082 |b F716 
245 0 |a Forestry technology in Japan 
260 |a Japan 
260 |b Forestry Agency 
650 |a forests and forestry 
904 |i Minh, 961126 
980 |a Trung tâm Học liệu Trường Đại học Cần Thơ